Bekannte historische Persönlichkeiten Europas - Karten-Quiz - Statistiken

Allgemein
  • Dieses Quiz wurde 434 mal gespielt
  • Das Durchschnittsergebnis liegt bei 10 aus 44
Antworten auf der Karte
Die Antworten werden auf der Karte rot bzw. grün angezeigt, abhängig davon wie oft sie richtig erraten wurden.
 
Antwortstatistiken
Antwort % Korrekt
Charles de Gaulle
68%
Pablo Picasso
60%
Galileo Galilei
54%
Johann Sebastian Bach
54%
Vincent van Gogh
54%
Vasco da Gama
53%
Hans Christian Andersen
52%
Alfred Nobel
49%
Stephen Hawking
48%
Marie Curie
45%
Oscar Wilde
39%
Leif Erikson
38%
Erwin Schrödinger
36%
Leo Tolstoy
36%
Pericles
36%
Roald Amundsen
34%
Leonid Brezhnev
27%
Leonhard Euler
25%
Jan Hus
24%
Mutter Teresa
24%
Zsa Zsa Gabor
20%
Josef Rheinberger
18%
Jean Sibelius
13%
Rene Magritte
13%
Marino Capicchioni
12%
Jonas Kubilius
10%
Ludvig Puusepp
10%
Guillem d'Areny-Plandolit
8%
Matija Zmajević
8%
Adem Demaçi
7%
Henri Coandă
7%
Jozef Murgaš
7%
Katarina Kosača-Kotromanić
7%
Grigore Vieru
6%
Louis Chiron
6%
Assen Jordanoff
5%
Marc Chagall
5%
Annie Londonderry
4%
Ivan Cankar
4%
William Justin Kroll
4%
Atina Bojadži
3%
Mihajlo Pupin
3%
Mikel Scicluna
3%
Fausto Veranzio
2%
Keine übereinstimmenden Quizze gefunden
Verteilung der Resultate
Anzahl Personen mit jedem Resultat
Perzentil nach korrekt beantworteten Fragen
Ihre Resultats-Entwicklung
Sie haben dieses Quiz noch nicht gespielt